Statistics for History by Letter - H

Click here to take the quiz!

General Stats

  • This quiz has been taken 33,448 times
    (33,431 since last reset)
  • The average score is 14 of 22

Answer Stats

Hint Answer % Correct
City struck by an atomic bombHiroshima
98%
Anne Boleyn's husbandHenry VIII
93%
Oldest college in the U.S.Harvard
90%
Jewish genocide during WWIIHolocaust
87%
He crossed the Alps with elephantsHannibal
78%
Iraqi leader hanged in 2006Saddam Hussein
78%
Chinese island taken by the British in 1842Hong Kong
73%
Roman emperor who built a
wall in England
Hadrian
72%
Nomadic group that threatened
Rome in the 400's
Huns
69%
Apocryphal World Wonder of BabylonHanging Gardens
68%
Where William beat Harold in 1066Hastings
65%
Emperor of Japan in WWIIHirohito
64%
First President of VietnamHo Chi Minh
57%
Group that slaughtered Tutsi in RwandaHutu
55%
Dynasty that ruled AustriaHabsburg
55%
Last name of U.S. Presidents
William and Benjamin
Harrison
54%
"Upright" hominin speciesHomo Erectus
48%
French Protestants of
the 16th and 17th centuries
Huguenots
42%
Babylonian king whose code decreed
"an eye for an eye"
Hammurabi
37%
Greek "Father of History"Herodotus
35%
Teamsters leader who disappeared in 1975Jimmy Hoffa
33%
German mercenaries hired by Britain
in the American Revolution
Hessians
28%

Score Distribution

Percentile by Number Answered

Percent of People with Each Score

Your Score History

You have not taken this quiz since the last reset